000 00379nam a2200157 i 4500
001 bg
100 1 _aKORECKI, Jan
245 0 _aRysunki techniczne :
_bczęści maszyn /
_cJan Korecki.
250 _aWyd.2.
260 _aWarszawa,
_c1971.
650 9 _aMaszyny
_xrysunek techniczny
040 _cBPK
041 _apol
942 _cKS
008 s pl f |000 0 pol
999 _c7370
_d7370
856 _uhttp://koha.tu.koszalin.pl/cgi-bin/koha/opac-detail.pl?biblionumber=7370
_yKatalog online BPK